000 00458cam a2200181ua 4500
001 2727
008 110907n ii |||gr||||Z||||||asm
040 _cMAIN
082 _a891.4512
100 _aBaruah, Prahlad Kumar,
_eAuthor.
245 1 1 _aBhaona samikya
_ced. by Prahlad Kumar Baruah
250 _a1st.
260 _aDibrugarh:
_bSri lakshmi gogoi,990.
300 _a100p:
_c23cm.
653 _aAssamese drama
653 _aBhaona samikya
942 _cBK
999 _c2576
_d2576